Novissimum Silesiae Theatrum id est : Exactissimus Superioris et Inferioris Silesiae, Comitatus Glacensis, et confinium regionum schematismus, in quo non solum singulae amplissimi hujus Ducatus Provinciae, Principatus, Dynastiae, Districtus, Territoria, verum etiam singulae civitates, oppida, arces, pagi, Stationes et viae veredariae, Montes, Sylvae, Lacus, Flumina etc. ex originalibus et probatissimis topographiis depromta ac necessaris milliarium scalis et accurata singularum ditionum partitione ornata exhibentur, Partie Septentrionale du Duché de Silesie /
| Hlavní autor: | Condet, Johannes, 1711-1781 |
|---|---|
| Další autoři: | Covens, Johannes, 1722-1794, Mortier, Cornelis, 1699-1783 |
| Jazyk: | Němčina Francouzština Latina |
| Vydáno: |
Amstelodami : apud Covens et Mortier, [1748] |
| Témata: | |
| Externí odkaz: |
Digitalizovaný dokument
|
| Fyzický popis: |
1 mapa : mědirytina, ručně kolorovaná ; 41 x 75,5 cm na listu 56 x 102 cm, složená na 56 x 51,5 cm |
| Language note: |
Název mapy latinsky, název části francouzsky, ostatní text latinsky a německy (vysvětlivky na 2. listu) |
| LEADER | 03373nem a22005172a 4500 | ||
|---|---|---|---|
| 001 | mzk03001026849 | ||
| 003 | CZ BrMZK | ||
| 005 | 20111025111722.0 | ||
| 007 | aj|ca||| | ||
| 008 | 050818s1748 ne i||||||a|||r|0|||latod | ||
| 034 | 1 | |a a |b 400800 |d E0142000 |e E0181200 |f N0524400 |g N0511000 | |
| 040 | |a BOA001 |b cze | ||
| 041 | 0 | |a lat |a ger |a fre | |
| 043 | |a e-xr--- |b e-xr-sl |a e-pl--- |2 czenas | ||
| 072 | 7 | |a 912:904 |x Staré mapy |2 Konspekt |9 7 | |
| 080 | |a (084.3) |2 MRF | ||
| 080 | |a (437.33+438) |2 MRF | ||
| 080 | |a 912.43:069.5 |2 MRF | ||
| 100 | 1 | |a Condet, Johannes, |d 1711-1781 |7 mzk2009528418 |4 aut | |
| 245 | 1 | 0 | |a Novissimum Silesiae Theatrum |h [kartografický dokument] : |b id est : Exactissimus Superioris et Inferioris Silesiae, Comitatus Glacensis, et confinium regionum schematismus, in quo non solum singulae amplissimi hujus Ducatus Provinciae, Principatus, Dynastiae, Districtus, Territoria, verum etiam singulae civitates, oppida, arces, pagi, Stationes et viae veredariae, Montes, Sylvae, Lacus, Flumina etc. ex originalibus et probatissimis topographiis depromta ac necessaris milliarium scalis et accurata singularum ditionum partitione ornata exhibentur, |p Partie Septentrionale du Duché de Silesie / |c Cóvens et Mortier ; I. Condet s. 1748 |
| 246 | 3 | 0 | |a Partie Septentrionale du Duché de Silesie |
| 255 | |a Měřítko [ca 1:400 800]. 10,7 cm = 6 Milliaria Germanica VI. quorum 15 in uno Gradu Latitudinis pedum Rhen: 23628. 9,3 cm = 6 Milliaria Silesiaca VI. ejus generis quae habent 11250 Ulnas Siles. vel 1500 Pertic. 9 cm= 4 Milliaria Bohemica quorum 12 feré unum Gradum Latitudinis efficiunt |c (014°20´00" v.d.--018°12´00" v.d./052°44´00" s.š.--051°10´00" s.š.) | ||
| 260 | |a Amstelodami : |b apud Covens et Mortier, |c [1748] | ||
| 300 | |a 1 mapa : |b mědirytina, ručně kolorovaná ; |c 41 x 75,5 cm na listu 56 x 102 cm, složená na 56 x 51,5 cm | ||
| 500 | |a Mapa je vytištěna na dvou listech 1. Partie Septentrionale a 2. Partie Meridionale, jižní polovina mapy se nachází pod signaturou Moll-0001.811,2 | ||
| 500 | |a Vyryto dle mapy J. Lidla (Moll-0001.810) | ||
| 500 | |a Výzdoba: V pravém horním rohu monument s nápisem umístěný do krajiny a doprovázený putti, uprostřed amoreti nesoucí slezský znak, v pravém dolním rohu měřítka, směrová ružice, v mapovém rámci geografické souřadnice, pod rámcem název části | ||
| 510 | 4 | |a Kuchař, K. Mapová sbírka B.P. Molla, |c s. 236 | |
| 510 | 4 | |a Roubík, F. Soupis map českých zemí, |c II, č. 1944 | |
| 546 | |a Název mapy latinsky, název části francouzsky, ostatní text latinsky a německy (vysvětlivky na 2. listu) | ||
| 655 | 7 | |a historické mapy |7 fd186723 |2 czenas | |
| 650 | 0 | 4 | |a Mollova mapová sbírka |
| 650 | 0 | 7 | |a mapové sbírky |z Česko |7 ph182407 |2 czenas |
| 610 | 2 | 7 | |a Moravská zemská knihovna (Brno, Česko). |b Mapová sbírka B.P. Molla |7 mzk2005304487 |2 czenas |
| 651 | 7 | |a Slezsko |7 ge130850 |2 czenas | |
| 700 | 1 | |a Covens, Johannes, |d 1722-1794 |4 pbl | |
| 700 | 1 | |a Mortier, Cornelis, |d 1699-1783 |4 pbl | |
| 856 | 4 | 1 | |u http://mapy.mzk.cz/mzk03/001/026/849/2619267612 |y Digitalizovaný dokument |
| 903 | |a RP | ||
| 910 | |a BOA001 |b Moll-0001.810,1 | ||
| 978 | |b Covens, Johannes I |a Amsterdam |c 1748 | ||
| 978 | |b Mortier, Cornelis |a Amsterdam |c 1748 | ||
| 984 | |a Amsterdam |b Nizozemsko | ||
| 985 | |a 1701-1750 | ||
| 990 | |a MP | ||
| 991 | |k mzk | ||
English
Čeština 